| 000 | 01102nam0a22002891 4500 | ||
|---|---|---|---|
| 001 | v19\rc\2003423 | ||
| 005 | 20251118181317.9 | ||
| 035 | _a(NLR Aleph) 005078801 | ||
| 090 |
_a7174263 _c7174263 |
||
| 100 | _a20080811d1915 |||y0rusy50 ca | ||
| 101 | 0 | _arus | |
| 102 | _aRU | ||
| 105 | _ay z ||||| | ||
| 200 | 1 |
_aВыбор места для сада и производство посадки деревьев в Смоленском уезде _f[Инструктор по садоводству и огородничеству Смол. уезд. земства П. Кошик] |
|
| 210 |
_aСмоленск _cэлектро-тип. "Печатник" И. Бродского _d[1915] |
||
| 215 |
_a8 с. _d22 |
||
| 300 | _aАвт. указан в конце текста | ||
| 309 | _aБез тит. л. и обл. | ||
| 700 | 1 |
_aКошик _bП. И. _gПавел Иванович |
|
| 801 | 0 |
_aRU _bNLR _gpsbo |
|
| 801 | 0 |
_aRU _bRuMoRGB _2psbo |
|
| 801 | 1 |
_aRU _bProSoft-M _2rusmarc |
|
| 852 |
_aNLR _j37.58.5.53 |
||
| 899 |
_aRuMoRGB _jV 115/120 |
||
| 899 | _aБАН | ||
| 942 | _cBOOK | ||
| 980 | _aNB | ||